[Event "3rd Orissa Open"]
[Site "Bhubaneswar IND"]
[Date "2011.05.30"]
[Round "4"]
[White "Panchanathan,M"]
[Black "Debashis,D"]
[Result "1-0"]
[WhiteElo "2539"]
[BlackElo "2392"]

1.Nf3 d5 2.g3 Nf6 3.Bg2 Bg4 4.O-O c6 5.d4 e6 6.Nbd2 Be7 7.Re1 O-O 8.e4 Re8
9.c3 dxe4 10.Nxe4 Nxe4 11.Rxe4 Bf5 12.Re1 Nd7 13.Qb3 Qb6 14.Nd2 a5 15.Nc4 Qa6
16.a4 Bd3 17.Na3 Bf6 18.Be3 Rad8 19.f4 Nb6 20.Rad1 Be2 21.Rc1 Bd3 22.Qd1 Be7
23.Ra1 Nd5 24.Bf2 b6 25.Qb3 b5 26.Rac1 b4 27.cxb4 Bxb4 28.Re5 Bd6 29.Ree1 Rb8
30.Nb5 Bxb5 31.axb5 Rxb5 32.Qc4 Rb6 33.Qxa6 Rxa6 34.f5 g6 35.fxe6 fxe6 36.Bh3 Kf7
37.Re2 Re7 38.Rce1 Nc7 39.Be3 Re8 40.Bh6 c5 41.d5 exd5 42.Rf1+ Kg8 43.Rxe8+ Nxe8
44.Be6+ Kh8 45.Bxd5 Ra7 46.Bc6 Ng7 47.g4 Rc7 48.Bd5 Ra7 49.Kg2 a4 50.Rf6 Ne8
51.Rf3 c4 52.Be3 Rc7 53.Bd4+ Ng7 54.g5 Bc5 55.Rf6 Rd7 56.Rb6 Be7 57.Rb8+ Rd8
58.Rxd8+ Bxd8 59.h4 Be7 60.Bxc4 a3 61.b3 a2 62.Kf3 Bc5 63.Ba1 Bb4 64.Ke4 Be1
65.Ke5 Nf5 66.Kf4+ Ng7 67.Ke5 Nf5 68.Kf4+ Ng7 69.Kg4 Bd2 70.Bf6 Be1 71.Bb2 Bd2
72.Kf3 Be1 73.Kf4 Bxh4 74.b4 Be1 75.b5 Bd2+ 76.Kg4 h5+ 77.gxh6 Bxh6 78.b6 Be3
79.b7 Ba7 80.Bxa2 Kh7 81.Be5 Nf5 82.Kg5 Ne7 83.b8=Q Bxb8 84.Bxb8 Kg7 85.Bd6 Nf5
86.Bc5 Nh6 87.Bd4+ Kh7 88.Bc3 Ng8 89.Bf7 Ne7 90.Bf6 Nc8 91.Bxg6+ Kg8 92.Kf5 Nd6+
93.Ke6 Nc4 94.Bd4 Nd2 95.Kd5 Kf8 96.Bf6 Nb3 97.Bc3 Nc1 98.Be5 Ke7 99.Bf5 Ne2
100.Bg4 Nc1 101.Kc4  1-0

[Event "XX Guillermo Garcia Mem Elite"]
[Site "Santa Clara CUB"]
[Date "2011.05.30"]
[Round "9.4"]
[White "Nogueiras Santiago,J"]
[Black "Fernandez Cardoso,A"]
[Result "1/2-1/2"]
[WhiteElo "2565"]
[BlackElo "2473"]

1.Nf3 d5 2.g3 Nf6 3.Bg2 g6 4.c4 c6 5.b3 Bg7 6.Bb2 O-O 7.O-O a5 8.d4 a4 9.Na3 Ne4
10.Ne5 Nd7 11.b4 Qb6 12.Nd3 dxc4 13.Nxc4 Qa6 14.Rc1 Ndf6 15.Qc2 Be6 16.Rfd1 Nd6
17.Na5 Qb5 18.Nc5 Qxb4 19.Bc3 Qb6 20.Naxb7 Nxb7 21.Rb1 Bb3 22.axb3 Nxc5 23.bxa4 Qa7
24.dxc5 Qxc5 25.Rdc1 Ng4 26.Be1 Qxc2 27.Rxc2 Rxa4 28.Rxc6 Ra2 29.Rc7 e6 30.Bf3 Ne5
31.Kg2 Nxf3 32.Kxf3 Ra1 33.Rxa1 Bxa1 34.Bd2 Kg7 35.Ra7 Bf6 36.e4 Rb8 37.Be3 Rb3
38.Ke2 h5 39.h4 Rb2+ 40.Kf3 Rb3 41.Kg2 Rb4 42.Kf3  1/2-1/2

[Event "Nis Open 2011"]
[Site "Nis SRB"]
[Date "2011.05.31"]
[Round "7.13"]
[White "Zivkovic,Zivojin"]
[Black "Djordjevic,Vu"]
[Result "0-1"]
[WhiteElo "2024"]
[BlackElo "1855"]

1.Nf3 d5 2.g3 c5 3.d3 Nc6 4.Bg2 e5 5.O-O Nf6 6.Nbd2 Be7 7.e4 O-O 8.a4 Be6
9.Re1 d4 10.Ng5 Bg4 11.f3 Bh5 12.Nc4 Nd7 13.Nh3 f6 14.Nf2 Nb6 15.Nxb6 Qxb6
16.g4 Bf7 17.f4 exf4 18.Bxf4 Ne5 19.b3 Ng6 20.Bg3 Bd6 21.Qf3 Ne5 22.Qe2 Qc7
23.Rf1 Be6 24.h3 Rab8 25.Nh1 b6 26.Qf2 a6 27.Bf4 g5 28.Bg3 b5 29.axb5 axb5
30.Ra6 c4 31.bxc4 bxc4 32.Qd2 Bc8 33.Raa1 c3 34.Qf2 Rb2 35.Rfc1 Nxd3 36.Bxd6 Qxd6
37.Qe2 Nxc1 38.Rxc1 Ba6 39.Qe1 Qf4 40.Ng3 Qe3+ 41.Qxe3 dxe3 42.Nf5 e2 43.Kf2 Rfb8
44.Ra1 Rb1  0-1

[Event "3rd Orissa Open"]
[Site "Bhubaneswar IND"]
[Date "2011.06.01"]
[Round "6"]
[White "Gomes,Mary"]
[Black "Rahman,Zia"]
[Result "0-1"]
[WhiteElo "2338"]
[BlackElo "2534"]

1.Nf3 d5 2.g3 c6 3.Bg2 Nf6 4.O-O Bf5 5.d3 e6 6.b3 Be7 7.Bb2 h6 8.Nbd2 O-O
9.Qe1 a5 10.a3 Bh7 11.e4 c5 12.Ne5 a4 13.Qe2 Nc6 14.Nxc6 bxc6 15.bxa4 Nd7
16.c4 d4 17.e5 Qb8 18.Nf3 Nb6 19.Rab1 Qc7 20.Nd2 Nxa4 21.Be4 Bxe4 22.Qxe4 Rab8
23.Ba1 Nc3 24.Bxc3 dxc3 25.Nb3 c2 26.Rb2 Rb6 27.Qe2 Rfb8 28.Qxc2 Qxe5 29.Rbb1 Ra6
30.Ra1 Bf6 31.Ra2 Rab6 32.Nc1 Qc7 33.Qa4 Bb2 34.Qc2 Bf6 35.Qa4 h5 36.Qd1 h4
37.Qh5 Qd6 38.a4 Rb1 39.a5 Bb2 40.Qg5 h3 41.a6 Bxc1 42.Rxc1 Qxd3 43.Ra1 Rxa1  0-1

[Event "82nd ch-GER"]
[Site "Bonn GER"]
[Date "2011.06.01"]
[Round "7.9"]
[White "Molinaroli,M"]
[Black "Tischbierek,R"]
[Result "0-1"]
[WhiteElo "2286"]
[BlackElo "2431"]

1.Nf3 d5 2.g3 g6 3.c4 dxc4 4.Na3 Bg7 5.Nxc4 Be6 6.Ne3 c5 7.Bg2 Nc6 8.O-O Rc8
9.d3 Nf6 10.Bd2 O-O 11.Bc3 b5 12.b3 Nd4 13.Rc1 Qb6 14.Qd2 Bh6 15.b4 Nxf3+
16.Bxf3 c4 17.dxc4 Bxe3 18.fxe3 Bxc4 19.Rf2 Rfd8 20.Bd4 e5 21.Bxb6 Rxd2 22.Bxa7 e4
23.Bh1 Ng4 24.Rf4 f5 25.Bd4 Ra8 26.Bxe4 fxe4 27.Rxg4 Raxa2 28.Re1 Bxe2 29.Rf4 Bc4
30.Rh4 h5 31.g4 Be2 32.gxh5 Bf3 33.Rc1 Rg2+ 34.Kf1 g5 35.Rh3 g4 36.Rh4 Raf2+
37.Ke1 Re2+ 38.Kf1 Rgf2+ 39.Kg1 Rg2+ 40.Kf1 Ref2+ 41.Ke1 Be2 42.Rc8+ Kf7
43.Bc5 Rf1+ 44.Kd2 Rd1+ 45.Kc3 Rd3+ 46.Kb2 Bf3+  0-1

[Event "TCh-FRA Top 12 2011"]
[Site "Mulhouse FRA"]
[Date "2011.06.02"]
[Round "8"]
[White "Hausrath,D"]
[Black "Magem Badals,J"]
[Result "1-0"]
[WhiteElo "2515"]
[BlackElo "2569"]

1.Nf3 d5 2.g3 c6 3.Bg2 Bf5 4.O-O Nf6 5.d3 h6 6.c4 e6 7.Be3 dxc4 8.dxc4 Qxd1
9.Rxd1 Nbd7 10.Nc3 Ng4 11.Bd2 O-O-O 12.Nd4 Bg6 13.h3 Ngf6 14.Rac1 Nb6 15.Ncb5 cxb5
16.cxb5+ Kd7 17.Bxb7 Bd6 18.Nc6 Rb8 19.Nxb8+ Rxb8 20.Bc6+ Ke7 21.a4 Nxa4
22.Ra1 Bc2 23.Rdc1 Bb3 24.Be3 Rc8 25.Bxa7 Nd5 26.Bd4 e5 27.Ba7 Ndb6 28.Bxb6 Nxb6
29.Ra6 Rb8 30.Ra7+ Ke6 31.Rc3 Bd5 32.e4 Bxc6 33.bxc6 Rc8 34.Rb7 Na4 35.Rc4 Nc5
36.Rb6 Nd3 37.Kf1 f5 38.exf5+ Kd5 39.b3 Nc5 40.Rb5 Rxc6 41.Rc1 Ra6 42.b4 Kc6
43.Rbxc5+ Bxc5 44.Rxc5+ Kd6 45.Ra5 Rb6 46.b5 Kc5 47.Ke2 Rb7 48.b6+ Kxb6 49.Rxe5 Kc6
50.f6  1-0

[Event "29th Liechtenstein Open"]
[Site "Triesen LIE"]
[Date "2011.06.02"]
[Round "7.16"]
[White "Simon,Er1"]
[Black "Marentini,M"]
[Result "1-0"]
[WhiteElo "2098"]
[BlackElo "1921"]

1.Nf3 d5 2.g3 Nf6 3.Bg2 c6 4.O-O Bf5 5.b3 e6 6.Bb2 Nbd7 7.c4 Qb6 8.Ne5 Nxe5
9.Bxe5 Nd7 10.Bc3 d4 11.Bb2 a5 12.e3 Bc5 13.exd4 Bxd4 14.Nc3 Nc5 15.Nd5 Bxf2+
16.Rxf2 cxd5 17.Bd4 dxc4 18.Qe2 O-O-O 19.Qxc4 Rxd4 20.Qxd4 Rd8 21.Qc3 Kb8
22.d4 Na6 23.Rd1 Nb4 24.h3 Rc8 25.Qe3 Ka7 26.g4 Bg6 27.Be4 f5 28.gxf5 exf5
29.Bf3 Nc2 30.Qe5 Rc3 31.Qf4 Ne3 32.Re1 Nc2 33.Rc1 Rxf3 34.Qxf3 Nxd4 35.Qd1 f4
36.Rc4 Nf5 37.Rxf4 Qe3 38.Qf3 Qc1+ 39.Rf1 Qc5+ 40.Qf2 Ne3 41.Re1  1-0

[Event "29th Liechtenstein Open"]
[Site "Triesen LIE"]
[Date "2011.06.02"]
[Round "7.6"]
[White "Haub,TM"]
[Black "Peredy,F"]
[Result "1/2-1/2"]
[WhiteElo "2459"]
[BlackElo "2179"]

1.Nf3 d5 2.g3 c6 3.d3 Bg4 4.Bg2 Nd7 5.O-O e6 6.Qe1 Bd6 7.e4 Ne7 8.h3 Bh5
9.Kh1 O-O 10.Nbd2 a5 11.Nh2 e5 12.Ng4 f5 13.exf5 Nxf5 14.Nf3 Qc7 15.c4 dxc4
16.dxc4 Rae8 17.Ng5 e4 18.Be3 Bxg3 19.Nxe4 Nxe3 20.Qxe3 Bf4 21.Qe2 Kh8 22.Rae1 Nc5
23.Qd1 Rd8 24.Qe2 Rde8 25.Qd1  1/2-1/2

[Event "TCh-BUL GpA Men"]
[Site "Albena BUL"]
[Date "2011.06.03"]
[Round "2.3"]
[White "Mladenov,P"]
[Black "Radulski,J"]
[Result "0-1"]
[WhiteElo "2376"]
[BlackElo "2571"]

1.Nf3 d5 2.g3 Nf6 3.Bg2 e6 4.O-O Be7 5.d3 c5 6.Nbd2 Nc6 7.e4 b6 8.Re1 Bb7
9.e5 Nd7 10.c4 d4 11.Ne4 h6 12.h4 Qc7 13.Bf4 O-O-O 14.Nd6+ Bxd6 15.exd6 Qb8
16.a3 e5 17.Nxe5 Ncxe5 18.Bxe5 f6 19.Bf4 g5 20.Bc1 Bxg2 21.Kxg2 Rhe8 22.Qf3 Qxd6
23.Qa8+ Nb8 24.Bd2 Qc6+ 25.Qxc6+ Nxc6 26.hxg5 hxg5 27.f4 g4 28.b4 Kd7 29.b5 Ne7
30.a4 Nf5 31.Kf2 Rxe1 32.Rxe1 Rh8 33.Rg1 Rh2+ 34.Rg2 Rh1 35.a5 bxa5 36.Bxa5 Ne3
37.Rg1 Nd1+ 38.Rxd1 Rxd1 39.Ke2 Ra1 40.Bd2 f5 41.Kf2 Kc7 42.Ke2 Kb6 43.Kf2 a5
44.bxa6 Kxa6 45.Ke2 Rh1 46.Be1 Rh2+ 47.Kd1 Rg2 48.Kc1 Re2 49.Bd2 Rf2 50.Be1 Rf3
51.Kc2 Kb6 52.Kd2 Ka5  0-1

[Event "TCh-FRA Top 12 2011"]
[Site "Mulhouse FRA"]
[Date "2011.06.03"]
[Round "9"]
[White "Renet,O"]
[Black "Sebag,M"]
[Result "1/2-1/2"]
[WhiteElo "2497"]
[BlackElo "2504"]

1.Nf3 d5 2.g3 c6 3.Bg2 Nf6 4.O-O Bg4 5.d4 Nbd7 6.Nbd2 e6 7.Re1 Be7 8.e4 O-O
9.c3 Bh5 10.Qb3 Qc7 11.Ng5 e5 12.exd5 Nxd5 13.Nc4 exd4 14.cxd4 Bf6 15.Qd3 Bg6
16.Ne4 Rfe8 17.Bd2 Nf8 18.Nxf6+ Nxf6 19.Qa3 Ne6 20.Be3 Red8 21.Qa5 Qe7 22.Nd2 Nd5
23.Nb3 Nb4 24.Qa3 Qd6 25.Na5 Rab8 26.d5 Nxd5 27.Qxd6 Rxd6 28.Bxa7 Ra8 29.Nc4 Rdd8
30.Be3 Nxe3 31.Rxe3 Nd4 32.Re7  1/2-1/2

[Event "ch-Africa Men"]
[Site "Maputo MOZ"]
[Date "2011.06.04"]
[Round "1.3"]
[White "Solomons,D"]
[Black "El Gindy,E"]
[Result "0-1"]
[WhiteElo "2214"]
[BlackElo "2506"]

1.Nf3 d5 2.g3 Nf6 3.Bg2 g6 4.d3 Bg7 5.Nbd2 O-O 6.O-O Nc6 7.c3 e5 8.e4 Re8
9.Re1 h6 10.Qc2 a5 11.a4 Be6 12.b3 dxe4 13.dxe4 Nd7 14.Bf1 Qf6 15.Nh4 Nb6
16.Ba3 Bf8 17.Bxf8 Rxf8 18.Ng2 Rfd8 19.Ne3 Rd7 20.Rad1 Rad8 21.Be2 h5 22.Nec4 Nxc4
23.Nxc4 Qe7 24.Rxd7 Rxd7 25.Rd1 Qd8 26.Rxd7 Qxd7 27.Qd3 Qxd3 28.Bxd3 b6 29.f3 f6
30.Kf2 Kf7 31.Ke3 f5 32.f4 Kf6 33.exf5 exf4+ 34.gxf4 Bxf5 35.Be4 Bd7 36.Bf3 Ne7
37.Ne5 Be6 38.c4 Nf5+ 39.Kd3 Nh4 40.Ke4 Bc8 41.Bd1 Bb7+ 42.Kd4 Ng2 43.Nd3 Kf5
44.c5 Nxf4 45.cxb6 cxb6 46.Nb2 Ne6+ 47.Kc4 Bc6 48.b4 axb4 49.Kxb4 Nc7 50.Bc2+ Kf6
51.Kc4 g5 52.Kd4 g4 53.Nc4 h4 54.Ke3 g3 55.h3 Nd5+ 56.Ke2  0-1

[Event "TCh-SLO"]
[Site "Maribor SLO"]
[Date "2011.06.04"]
[Round "5"]
[White "Supancic,D"]
[Black "Borisek,J"]
[Result "0-1"]
[WhiteElo "2365"]
[BlackElo "2540"]

1.Nf3 d5 2.g3 Bg4 3.Bg2 c6 4.O-O Nd7 5.d3 e6 6.c4 Ngf6 7.cxd5 exd5 8.h3 Bxf3
9.Bxf3 Bc5 10.Nc3 O-O 11.Rb1 a5 12.Bf4 Re8 13.a3 Qe7 14.Re1 h6 15.d4 Ba7
16.g4 Nf8 17.e3 Ng6 18.Bg3 Bb8 19.Ne2 Bxg3 20.Nxg3 Nh4 21.Bg2 Ne4 22.Rc1 Rad8
23.Nf1 f5 24.f3 Nd6 25.b3 Qf6 26.Ng3 g6 27.f4 Rd7 28.Qd2 Rde7 29.Qf2 g5 30.Nh5 Qg6
31.fxg5 hxg5 32.Qg3 Rf7 33.Rf1 Ref8 34.a4 Ne4 35.Bxe4 dxe4 36.Rc5 Nf3+ 37.Kg2 fxg4
38.Rxf3 exf3+ 39.Kf2 Qxh5 40.hxg4 Qh4  0-1

[Event "TCh-FRA Top 12 2011"]
[Site "Mulhouse FRA"]
[Date "2011.06.04"]
[Round "10"]
[White "Hausrath,D"]
[Black "Battaglini,G"]
[Result "0-1"]
[WhiteElo "2515"]
[BlackElo "2412"]

1.Nf3 d5 2.g3 Nf6 3.Bg2 c6 4.O-O Nbd7 5.d4 g6 6.c4 Bg7 7.b3 O-O 8.Bb2 Nb6
9.Nbd2 Ne4 10.cxd5 Nxd2 11.Qxd2 Nxd5 12.e4 Nb6 13.Qe3 f5 14.Ne5 fxe4 15.Qxe4 Bf5
16.Qe2 Nd5 17.h4 a5 18.h5 a4 19.hxg6 hxg6 20.bxa4 Rxa4 21.Qd1 Rb4 22.Ba3 Nc3
23.Qe1 Qxd4 24.Bxb4 Qxb4 25.Nf3 Qc4 26.Qxe7 Bf6 27.Qxb7 Ne2+ 28.Kh2 Qg4 29.Qxc6 Kg7
30.Qb7+ Bd7 31.Nh4 Bxh4 32.Qe4 Bxg3+  0-1

[Event "Fynsmesterskabet 2011"]
[Site "Odense DEN"]
[Date "2011.06.04"]
[Round "6.11"]
[White "Rostgaard,T"]
[Black "Meszaros,Mi"]
[Result "0-1"]
[WhiteElo "2207"]
[BlackElo "2414"]

1.Nf3 d5 2.g3 Nf6 3.Bg2 g6 4.O-O Bg7 5.d3 O-O 6.Nc3 c5 7.e4 Nc6 8.Bd2 d4
9.Ne2 e5 10.Ne1 Be6 11.b3 b5 12.a4 a6 13.axb5 axb5 14.Rxa8 Qxa8 15.f4 Qc8
16.Nf3 Ng4 17.Nh4 Ne7 18.fxe5 Nxe5 19.Nf3 Ng4 20.Kh1 h6 21.Nf4 Bd7 22.Qe2 Re8
23.h3 Nf5 24.Be1 Nf6 25.Bf2 g5 26.g4 Ne7 27.e5 Nxg4 28.hxg4 gxf4 29.Nh2 Ng6
30.Be4 Nxe5 31.Rg1 Qd8 32.Qf1 Bc6 33.Bxc6 Nxc6 34.Qg2 Ne5 35.Nf3 Ng6 36.Re1 Rxe1+
37.Bxe1 Qd5 38.Nd2 Qe6 39.Nf3 Bf6 40.Bd2 Bg5 41.b4 Qd6 42.Qe2 Qd5 43.Qe4 Qxe4
44.dxe4 Be7 45.Kg2 f6 46.bxc5 Bxc5 47.Ne1 Ne5 48.Bxf4 Nxg4 49.Nd3 Bb6 50.Nb4 Kf7
51.Nd5 Bc5 52.Kf3 h5 53.Ke2 b4 54.Bd2 h4 55.Nf4 Bd6 56.Nh3 Ne5 57.Be1 d3+
58.cxd3 b3 59.Bc3 Ba3 60.Kd2 Nf3+ 61.Ke2 Ng5 62.Ng1 b2 63.Bxb2 Bxb2 64.Ke3 h3
65.Ne2 Be5 66.Kf2 h2 67.Kg2 Nh3  0-1

[Event "5th Wunsiedel Open 2011"]
[Site "Wunsiedel GER"]
[Date "2011.06.04"]
[Round "5"]
[White "Prusikin,M"]
[Black "Singer,C"]
[Result "1-0"]
[WhiteElo "2549"]
[BlackElo "2380"]

1.Nf3 d5 2.g3 Bg4 3.Bg2 c6 4.c4 e6 5.cxd5 exd5 6.O-O Nd7 7.Nc3 Ngf6 8.d3 Bd6
9.h3 Bxf3 10.Bxf3 O-O 11.e4 dxe4 12.dxe4 Ne5 13.Be2 Bc5 14.Kg2 Qe7 15.f4 Ng6
16.e5 Nd7 17.Ne4 Rad8 18.Qc2 Bd4 19.Bd2 c5 20.Rae1 Nb6 21.h4 Rfe8 22.h5 Nf8
23.h6 Qe6 24.hxg7 Kxg7 25.Nf6 Qxa2 26.Qf5 Qxb2 27.Nh5+ Kg8 28.Qg5+ Ng6 29.Qh6  1-0

[Event "TCh-FRA Top 12 2011"]
[Site "Mulhouse FRA"]
[Date "2011.06.05"]
[Round "11"]
[White "Hausrath,D"]
[Black "Avrukh,B"]
[Result "1/2-1/2"]
[WhiteElo "2515"]
[BlackElo "2601"]

1.Nf3 d5 2.g3 Bg4 3.Bg2 Nd7 4.c4 e6 5.cxd5 exd5 6.h3 Bh5 7.O-O c6 8.d3 Bd6
9.Qc2 Ne7 10.e4 O-O 11.Nc3 Rc8 12.Ne2 c5 13.Bg5 d4 14.Qb3 Bxf3 15.Bxf3 Ne5
16.Bg2 b5 17.Nf4 a6 18.Nd5 c4 19.dxc4 bxc4 20.Bxe7 Bxe7 21.Qb7 Bc5 22.Qxa6 d3
23.Kh1 Ra8 24.Qb5 Ra5 25.Qb7 Ra7 26.Qb5 Ra5 27.Qb7 Qb8 28.Qxb8 Rxb8 29.f4 Nd7
30.b3 g6 31.bxc4 Rb2 32.a4 Rc2 33.Rfd1 d2 34.Bf1 Ra8 35.a5 Bd4 36.Rab1 Nc5
37.Kg2 Kg7 38.Nb4 Rc3 39.Nd5 Rc2 40.Nb4 Rc3 41.Nd5  1/2-1/2

[Event "TCh-BIH 2011"]
[Site "Neum BIH"]
[Date "2011.06.05"]
[Round "2.2"]
[White "Dimitrijevic,A"]
[Black "Puric,N"]
[Result "1-0"]
[WhiteElo "2263"]
[BlackElo "2238"]

1.Nf3 d5 2.g3 c6 3.Bg2 Bg4 4.d3 Nd7 5.O-O e5 6.c4 d4 7.e3 dxe3 8.Bxe3 Be7
9.Nbd2 Ngf6 10.Qb3 Qc7 11.d4 exd4 12.Nxd4 O-O 13.Qc2 Rfe8 14.a3 a5 15.Rfe1 Bh5
16.Qc3 a4 17.Nf5 Bf8 18.Bf4 Qb6 19.Nd6 Bxd6 20.Bxd6 Bg6 21.h3 h6 22.Be7 Kh7
23.Re3 Ng8 24.Rae1 Ndf6 25.c5 Qc7 26.Bd6 Qd7 27.Nc4 Rxe3 28.Rxe3 Re8 29.Ne5 Qf5
30.Qe1 Qc8 31.Kh2 Nd5 32.Bxd5 cxd5 33.Qb4 Nf6 34.Qxa4 Ne4 35.Qd4 Qf5 36.Rf3 Qe6
37.Nxg6 fxg6 38.Bf8 Qd7 39.h4 Kg8 40.Bd6 Qe6 41.Rd3 Nf6 42.Kg2 Qe2 43.Re3 Rxe3
44.Qxe3 Qc4 45.b3 Qg4 46.Be5 Nd7 47.Bd4 Nf8 48.Qe5 Qd7 49.b4 Ne6 50.a4 Kh7
51.b5 h5 52.Kg1 Kg8 53.Kf1 Kf7 54.Ke2 Qd8 55.Kd3 Qa5 56.Qxd5 Qe1 57.Qxb7+ Kf8
58.Be3 Qd1+ 59.Kc3 Qe1+ 60.Kd3 Qd1+ 61.Ke4 Qh1+ 62.f3 Qe1 63.Qd5 Kf7 64.b6 Kf6
65.c6 Qb1+ 66.Qd3 Qb4+ 67.Bd4+ Kf7 68.Qc3 Qb1+ 69.Kd5 Qa2+ 70.Qc4 Qa3 71.Ke5 Qe7
72.c7 Qf6+ 73.Kd6 Qe7+ 74.Kc6 Qe8+ 75.Kb7 Qd7 76.Kb8 Qd6 77.a5 Ke7 78.Bc3 Qxg3
79.Bb4+ Kf7 80.Ka7  1-0

[Event "TCh-BIH 2011"]
[Site "Neum BIH"]
[Date "2011.06.05"]
[Round "2.4"]
[White "Kosic,D"]
[Black "Ragger,M"]
[Result "1/2-1/2"]
[WhiteElo "2485"]
[BlackElo "2674"]

1.Nf3 d5 2.g3 Nf6 3.Bg2 g6 4.d4 Bg7 5.O-O O-O 6.Nbd2 c6 7.c4 Bf5 8.b3 a5
9.Bb2 a4 10.Ne5 Nbd7 11.Nxd7 Qxd7 12.bxa4 Bh3 13.Qc2 Ra7 14.Nb3 Qg4 15.a5 Bxg2
16.Kxg2 dxc4 17.Qxc4 Nd5 18.Rac1 h5 19.e3 Qe6 20.Kg1 Qh3 21.e4 Nf4 22.gxf4 Qg4+
23.Kh1 Qf3+ 24.Kg1 Qg4+  1/2-1/2

[Event "3rd Orissa Open"]
[Site "Bhubaneswar IND"]
[Date "2011.06.06"]
[Round "11"]
[White "Venkatesh,M"]
[Black "Mchedlishvili,M"]
[Result "0-1"]
[WhiteElo "2463"]
[BlackElo "2629"]

1.Nf3 d5 2.g3 c6 3.Bg2 Bg4 4.b3 Nd7 5.Bb2 Ngf6 6.d3 e6 7.Nbd2 a5 8.a3 Bd6
9.h3 Bh5 10.O-O O-O 11.Qe1 e5 12.e4 Re8 13.Nh4 Qc7 14.Kh1 Rad8 15.Nf5 Bf8
16.f4 dxe4 17.dxe4 Bg6 18.Nh4 exf4 19.gxf4 Nh5 20.Nxg6 hxg6 21.Nc4 b5 22.Nxa5 g5
23.e5 gxf4 24.Nxc6 Ng3+ 25.Kh2 Nxf1+ 26.Qxf1 f3 27.Qxf3 Rc8 28.Qf4 Nc5 29.Bd5 Re6
30.Rf1 Qd7 31.Nb4 Re7 32.Qf3 Ne6 33.Nc6 Ree8 34.c4 bxc4 35.bxc4 Bc5 36.a4 Rc7
37.Qe4 Rec8 38.Na5 Rb8 39.Bc1 Rb6 40.Be3 Rb2+ 41.Kg3 Re2 42.Rf3 Bxe3 43.Rxe3 Ng5
44.Bxf7+ Kf8 45.Qa8+ Rc8  0-1

[Event "TCh-BIH 2011"]
[Site "Neum BIH"]
[Date "2011.06.07"]
[Round "4.5"]
[White "Batinic,P"]
[Black "Bosnjak,D"]
[Result "0-1"]
[WhiteElo "2303"]
[BlackElo "2313"]

1.Nf3 d5 2.g3 Nf6 3.Bg2 e6 4.O-O Bd6 5.c4 O-O 6.Qc2 c6 7.d4 Nbd7 8.Nbd2 Re8
9.b3 e5 10.cxd5 cxd5 11.dxe5 Nxe5 12.Bb2 Nc6 13.e3 Bg4 14.Rac1 Rc8 15.Qb1 Ne4
16.Qa1 Bf8 17.h3 Bh5 18.g4 Bg6 19.Rfd1 Qa5 20.a3 Qb6 21.Nh4 Nxf2 22.Rxc6 bxc6
23.Bd4 c5 24.Kxf2 cxd4 25.exd4 Be4 26.Nhf3 Rc2 27.b4 Qc7 28.Kg1 Qg3  0-1

[Event "TCh-BIH 2011"]
[Site "Neum BIH"]
[Date "2011.06.08"]
[Round "5.5"]
[White "Vukic,M"]
[Black "Elez,S"]
[Result "1-0"]
[WhiteElo "2408"]
[BlackElo "2137"]

1.Nf3 d5 2.g3 c5 3.Bg2 Nc6 4.c4 d4 5.d3 Nf6 6.O-O e5 7.e3 Bd6 8.exd4 cxd4
9.a3 a5 10.Re1 O-O 11.Bg5 h6 12.Bxf6 Qxf6 13.Nbd2 Bc7 14.Qc2 Bf5 15.b3 Rfe8
16.Rab1 Qe7 17.c5 Be6 18.Rbc1 f5 19.Qb1 Qf6 20.Nc4 Bf7 21.Nfd2 g5 22.Qc2 h5
23.Rb1 Rad8 24.b4 axb4 25.axb4 Bd5 26.Bxd5+ Rxd5 27.b5 Ne7 28.b6 Bb8 29.Na5 Rd7
30.Qa4 Nc6 31.Nxc6 bxc6 32.Nc4 Rd5 33.Nd6 Rxd6 34.cxd6 Qxd6 35.Rbc1 Re6 36.Rc4 h4
37.Rec1 h3 38.Rc5 e4 39.Qc4 exd3 40.Qxd3 Qxc5 41.Rxc5 Re1+ 42.Qf1 Rxf1+ 43.Kxf1 f4
44.Rxg5+ Kf7 45.Ke2 fxg3 46.fxg3  1-0

[Event "TCh-BIH 2011"]
[Site "Neum BIH"]
[Date "2011.06.10"]
[Round "7.4"]
[White "Vukic,M"]
[Black "Mrkonjic,N"]
[Result "1/2-1/2"]
[WhiteElo "2408"]
[BlackElo "2359"]

1.Nf3 d5 2.g3 Nf6 3.Bg2 c6 4.O-O Bf5 5.b3 h6 6.Bb2 e6 7.d3 Be7 8.Nbd2 O-O
9.c4 a5 10.a3 Nbd7 11.Qc2 Qb6 12.Bc3 Rfc8 13.Qb2 Ne8 14.b4 axb4 15.axb4 Bg4
16.e4 Bf6 17.Rfe1 Bxc3 18.Qxc3 Bxf3 19.Nxf3 dxc4 20.dxc4 Nef6 21.Nd2 Qc7
22.e5 Rxa1 23.Qxa1 Nh7 24.Nb3 Nhf8 25.c5 Ng6 26.f4 Ne7 27.Qa7 b6 28.Qa3  1/2-1/2

[Event "Portuguese Masters"]
[Site "Vila Nova de Gaia POR"]
[Date "2011.06.10"]
[Round "6.4"]
[White "Diogo,V"]
[Black "Silva,An"]
[Result "0-1"]
[WhiteElo "2304"]
[BlackElo "2224"]

1.Nf3 d5 2.g3 Nf6 3.Bg2 Bf5 4.d3 h6 5.O-O e6 6.Nbd2 Bc5 7.Qe1 O-O 8.e4 Bh7
9.e5 Nfd7 10.Qe2 Nc6 11.Re1 a5 12.c3 a4 13.h4 d4 14.a3 Ra6 15.Ne4 Ba7 16.c4 Ncxe5
17.Nxe5 Nxe5 18.f4 Nxc4 19.Nf2 Na5 20.Ng4 Nb3 21.Rb1 Nc5 22.Rd1 Rb6 23.Ne5 Rb3
24.h5 c6 25.g4 Qh4 26.g5 Bf5 27.Bd2 Nxd3  0-1

[Event "14th Iraklio's Open"]
[Site "Athens GRE"]
[Date "2011.06.11"]
[Round "1"]
[White "Kontarinis,A"]
[Black "Tsiamis,K"]
[Result "0-1"]
[WhiteElo "1840"]
[BlackElo "2277"]

1.Nf3 d5 2.g3 c6 3.Bg2 Nf6 4.d3 Bg4 5.Nbd2 Nbd7 6.b3 e5 7.e4 dxe4 8.Nxe4 Nxe4
9.dxe4 Bb4+ 10.Bd2 Qe7 11.c3 Bd6 12.h3 Bh5 13.Qc2 O-O 14.g4 Bg6 15.Bg5 f6
16.Be3 Bc5 17.Bxc5 Nxc5 18.Nh4 Rfd8 19.Nxg6 hxg6 20.Bf1 b5 21.Be2 Ne6 22.O-O Nf4
23.Kh2 f5 24.Kg3 Qg5 25.Rfd1 Qh6 26.h4 Nxe2+ 27.Qxe2 Qf4+ 28.Kg2 fxe4 29.Rxd8+ Rxd8
30.Rd1 Rf8 31.Rd6 e3 32.fxe3 Qe4+ 33.Kg3 Qh1 34.Rd1 Qe4 35.Rd6 a5 36.c4 a4
37.cxb5 cxb5  0-1

[Event "Victorian Open"]
[Site "Melbourne AUS"]
[Date "2011.06.11"]
[Round "2"]
[White "Teichmann,E"]
[Black "Wyss,F"]
[Result "1-0"]
[WhiteElo "2326"]
[BlackElo "1928"]

1.Nf3 d5 2.g3 c5 3.Bg2 Nc6 4.d4 cxd4 5.Nxd4 e5 6.Nxc6 bxc6 7.c4 Bb4+ 8.Bd2 Bxd2+
9.Qxd2 Ne7 10.Qg5 Qa5+ 11.Nd2 Ng6 12.b4 Qxb4 13.cxd5 Qd4 14.Nb3 Qc3+ 15.Qd2 Qxd2+
16.Kxd2 cxd5 17.Bxd5 Rb8 18.Rac1 Ne7 19.Bf3 f5 20.Rc7 e4 21.Bg2 Kf7 22.Rhc1 Rd8+
23.Ke1 Be6 24.f3 exf3 25.Bxf3 Kf6 26.Rxa7 Bxb3 27.axb3 Rxb3 28.Rcc7 Re3 29.Kf2 Re5
30.h3 g6 31.g4 fxg4 32.hxg4 h6 33.Kg3 g5 34.Rcb7 Re3 35.Rb6+ Re6 36.Raa6 Rxb6
37.Rxb6+ Kg7 38.Be4 Rd4 39.Kf3 Rd7 40.Bd3 Rc7 41.Re6 Ng8 42.Rg6+ Kf8 43.Bf5 Rg7
44.Ra6 Rf7 45.e4 Re7 46.Ke3 Kg7 47.Kd4 Nf6 48.e5 Ng8 49.Kd5 Rb7 50.Kc6 Re7
51.Kd6 Rb7 52.Be4 Rb8 53.Ra7+ Kf8 54.e6 Rd8+ 55.Rd7 Rb8 56.Rf7+  1-0

[Event "33rd MGU Open"]
[Site "Sofia,BUL"]
[Date "2011.06.11"]
[Round "3.5"]
[White "Krastev,Krasimir Naidenov"]
[Black "Dobrev,Petko"]
[Result "1-0"]
[WhiteElo "1825"]
[BlackElo "1893"]

1.Nf3 d5 2.g3 Nf6 3.Bg2 Nc6 4.O-O e5 5.d3 Be7 6.Nc3 O-O 7.a3 Be6 8.b4 a6
9.Ng5 Qd7 10.Nxe6 fxe6 11.Na4 Rf7 12.Nc5 Bxc5 13.bxc5 Raf8 14.Rb1 Nd8 15.c4 c6
16.cxd5 exd5 17.a4 Ne6 18.Bh3 Qe7 19.Rxb7 Qxb7 20.Bxe6 Qe7 21.Bxf7+ Rxf7
22.Qc2 Nd7 23.Ba3 h5 24.h4 g5 25.hxg5 Qxg5 26.Qc1 Qg6 27.Qe3 Rg7 28.Kg2 h4
29.Rh1 hxg3 30.fxg3 d4 31.Qf3 Nf6 32.Bc1 e4 33.dxe4 Qxe4 34.Rh6 Qxf3+ 35.exf3 Kf7
36.Bb2 Rg6 37.Rxg6 Kxg6 38.Bxd4  1-0

[Event "1st Forni Open"]
[Site "Forni di Sopra ITA"]
[Date "2011.06.12"]
[Round "1"]
[White "Collutiis,D"]
[Black "Mlynek,P"]
[Result "1-0"]
[WhiteElo "2472"]
[BlackElo "2153"]

1.Nf3 d5 2.g3 Nf6 3.Bg2 Bf5 4.c4 c6 5.cxd5 cxd5 6.Qb3 Qb6 7.Qxb6 axb6 8.Nc3 e6
9.Nd4 Bg6 10.Ndb5 Na6 11.d3 Bc5 12.a3 O-O 13.O-O Rfc8 14.Bf4 Ne8 15.Rac1 Nac7
16.Nxc7 Nxc7 17.Rc2 Ne8 18.Rfc1 Bd6 19.Be3 Rc6 20.Nb5 Be5 21.f4 Bf6 22.Rxc6 bxc6
23.Rxc6 Bxb2 24.Rxb6 Bxa3 25.Nxa3 Rxa3 26.f5  1-0

[Event "TCh-SLO"]
[Site "Lasko SLO"]
[Date "2011.06.12"]
[Round "9"]
[White "Tratar,M"]
[Black "Lenic,L"]
[Result "0-1"]
[WhiteElo "2489"]
[BlackElo "2637"]

1.Nf3 d5 2.g3 Bg4 3.Bg2 Nd7 4.O-O c6 5.d3 Ngf6 6.c4 e6 7.b3 h6 8.Bb2 Bd6
9.h3 Bh5 10.cxd5 cxd5 11.Nbd2 O-O 12.Rc1 Re8 13.Re1 Bg6 14.Nf1 a5 15.a3 Bh7
16.N1d2 e5 17.Nb1 Ra6 18.e3 e4 19.dxe4 dxe4 20.Bf1 Rb6 21.Nfd2 Be5 22.Bc3 Rd6
23.Qc2 Bxc3 24.Qxc3 Nd5 25.Qb2 Ne5 26.Nc4 Nf3+ 27.Kh1 Rd7 28.Red1 b5 29.Ncd2 Nc7
30.Qc2 Ne5 31.Nc3 Nd3 32.Bxd3 exd3 33.Qb2 Rd6 34.a4 Qd7 35.Kg2 Bf5 36.Rh1 b4
37.Nd1 Nd5 38.Nc4 Rde6 39.Qd2 Nb6 40.Nxb6 Rxb6 41.f3 Be6 42.Qb2 d2  0-1

[Event "Voronezh FIDE Open"]
[Site "Voronezh RUS"]
[Date "2011.06.12"]
[Round "1.39"]
[White "Savenko,Ivan"]
[Black "Kornilov,P"]
[Result "0-1"]
[WhiteElo "1677"]
[BlackElo "2048"]

1.Nf3 d5 2.g3 c5 3.Bg2 Nc6 4.O-O e5 5.d3 Nf6 6.b3 Bd6 7.Bb2 O-O 8.c3 Re8
9.h3 e4 10.dxe4 dxe4 11.Nh2 e3 12.Qe1 Ne4 13.f4 Nf2 14.Na3 Nxh3+ 15.Bxh3 Bxh3
16.Rf3 Bf5 17.Nc4 Bc7 18.Nxe3 Be4 19.Rf2 b5 20.Rd1 Qc8 21.Qf1 c4 22.Nd5 Bxd5
23.Rxd5 Bb6 24.Rd6 Re6 25.Qd1 Qe8  0-1

[Event "Voronezh FIDE Open"]
[Site "Voronezh RUS"]
[Date "2011.06.12"]
[Round "1.34"]
[White "Molodchin,Vladimir"]
[Black "Kozlov,Sergej A."]
[Result "1-0"]
[WhiteElo "2075"]
[BlackElo "1747"]

1.Nf3 d5 2.g3 c5 3.Bg2 Nc6 4.d4 Bf5 5.O-O e6 6.e3 Nf6 7.a3 Rc8 8.Nc3 Be7
9.h3 O-O 10.Nh4 Bg6 11.dxc5 Bxc5 12.Nxg6 hxg6 13.Ne2 Qc7 14.Bd2 Rfd8 15.Bc3 Ne4
16.Bd4 Nxd4 17.exd4 Bd6 18.c3 b5 19.Nc1 Qc4 20.Re1 Nf6 21.Nd3 Nd7 22.Bf1 Qc7
23.a4 a6 24.axb5 axb5 25.h4 Ra8 26.Qe2 Nb6 27.h5 g5 28.Kg2 Nc4 29.b4 Ra7
30.Qg4 Be7 31.Nc5 Rda8 32.Rxa7 Rxa7 33.Bd3 e5 34.Bxc4 dxc4 35.Rxe5 Ra3 36.Qe4 Bf8
37.Re8 Qd6 38.Qe5 Qxe5 39.dxe5 Ra7 40.Rb8 Re7 41.g4 g6 42.h6 f5 43.e6 f4
44.Kf3 Kh7 45.Rxf8 Kxh6 46.Rd8  1-0